000 00352nam a2200109Ia 4500
008 180219s9999 xx 000 0 und d
020 _a9780323044073
100 _aLaCharity, Linda A.
245 _aPrioritization delegation assignment :
_bpractice exercise for medical-surgical nursing
260 _aUSA :
_bMosby elsevier
_c2006
300 _av, 212 pages
999 _c355918
_d355918